| 000 | 01599nam a2200385 a 4500 | ||
|---|---|---|---|
| 001 | ebr10040722 | ||
| 003 | CaPaEBR | ||
| 006 | m u | ||
| 007 | cr cn||||||||| | ||
| 008 | 011108s2002 ctu sb 001 0 eng | ||
| 010 | _z 2001055620 | ||
| 020 | _z0313311668 (alk. paper) | ||
| 040 |
_aCaPaEBR _cCaPaEBR |
||
| 035 | _a(OCoLC)614741070 | ||
| 050 | 1 | 4 |
_aZ658.U5 _bF64 2002eb |
| 082 | 0 | 4 |
_a025.2/13 _221 |
| 100 | 1 | _aFoerstel, Herbert N. | |
| 245 | 1 | 0 |
_aBanned in the U.S.A _h[electronic resource] : _ba reference guide to book censorship in schools and public libraries / _cHerbert N. Foerstel. |
| 246 | 3 | 0 | _aBanned in the USA |
| 246 | 3 | 0 | _aBanned in the United States of America |
| 250 | _aRev. and expanded ed. | ||
| 260 |
_aWestport, Conn. : _bGreenwood Press, _c2002. |
||
| 300 | _axxvii, 296 p. | ||
| 504 | _aIncludes bibliographical references (p. [281]-282) and index. | ||
| 533 |
_aElectronic reproduction. _bPalo Alto, Calif. : _cebrary, _d2013. _nAvailable via World Wide Web. _nAccess may be limited to ebrary affiliated libraries. |
||
| 650 | 0 |
_aCensorship _zUnited States. |
|
| 650 | 0 |
_aTextbooks _xCensorship _zUnited States. |
|
| 650 | 0 |
_aPublic libraries _xCensorship _zUnited States. |
|
| 650 | 0 |
_aPublic schools _xCensorship _zUnited States. |
|
| 650 | 0 |
_aBook selection _zUnited States. |
|
| 650 | 0 |
_aPublic libraries _xBook selection _zUnited States. |
|
| 655 | 7 |
_aElectronic books. _2local |
|
| 710 | 2 | _aebrary, Inc. | |
| 856 | 4 | 0 |
_uhttp://site.ebrary.com/lib/rucke/Doc?id=10040722 _zAn electronic book accessible through the World Wide Web; click to view |
| 999 |
_c157995 _d157995 |
||